Pays avec le plus de jours de congés payés légaux - Statistiques

Statistiques générales
  • Ce quiz a été pris 14 fois
  • Le résultat moyen est 2 sur 7
Statistiques - réponses
Hint Réponse % Correct
40 jours Finlande
70%
41 jours Brésil
60%
38 jours Autriche
30%
53 jours Iran
30%
38 jours Malte
20%
48 jours Cambodge
10%
49 jours Saint-marin
10%
Aucun quiz correspondant
Distribution des résultats
% des personnes avec chaque résultat
Percentile par nombre de réponses
Votre historique - résultats
Vous n’avez pas pris ce quiz